Test culture générale- 21 - Statistiques

Statistiques générales
  • Ce quiz a été pris 2 017 fois
  • Le résultat moyen est 4 sur 10
Statistiques - réponses
Questions Réponses % Correct
Parmi les hommes politiques suivants, lequel a succédé à Hugo Chavez en tant que Président du Venezuela ? Nicolas Maduro, Rafael Correa, Lola ou Evo Morales Nicolas Maduro
88%
Quel mot utilise-t-on pour exprimer l’action de remettre à plus tard quelque chose? Procrastiner
80%
À qui doit-on la théorie de la gravitation universelle? Isaac Newton
78%
Combien d’états fédérés (Länder) l’Allemagne compte-t-ell? 16
56%
Quelle race d’animal est un briard? Un chien
53%
Où est né Mozart? (Le nom de sa ville natale est attendue) Salzbourg
36%
Quelle année retient-on habituellement comme l’année de la chute de l’Empire romain d’Occident ? 476 ap. J.-C.
33%
Qui a réalisé le film « In the mood for love »? Wong Kar-Wai
11%
De quel courant philosophique Plotin est-il le représentant? Le néoplatonisme
5%
De quel écrivain à écrit un ouvrage intitulé « Que sais-je »? Michel de Montaigne
4%
Aucun quiz correspondant
Distribution des résultats
% des personnes avec chaque résultat
Percentile par nombre de réponses
Votre historique - résultats
Vous n’avez pas pris ce quiz